<?xml version="1.0" encoding="UTF-8"?>
<record
    xmlns:xsi="http://www.w3.org/2001/XMLSchema-instance"
    xsi:schemaLocation="http://www.loc.gov/MARC21/slim http://www.loc.gov/standards/marcxml/schema/MARC21slim.xsd"
    xmlns="http://www.loc.gov/MARC21/slim">

  <leader>01477    a2200205   4500</leader>
  <controlfield tag="001">54261</controlfield>
  <controlfield tag="005">20260407155813.0</controlfield>
  <controlfield tag="008">260407a1971    arg                 spa d</controlfield>
  <controlfield tag="003">AR-UNSa-BCEJYS</controlfield>
  <datafield tag="040" ind1=" " ind2=" ">
    <subfield code="a">AR-UNSa-BCEJYS</subfield>
    <subfield code="b">spa</subfield>
    <subfield code="c">AR-UNSa-BCEJYS</subfield>
  </datafield>
  <datafield tag="080" ind1=" " ind2=" ">
    <subfield code="a">330.1</subfield>
    <subfield code="x">Ciencia econ&#xF3;mica. Conceptos fundamentales de teor&#xED;a econ&#xF3;mica. Valor. Capital. Fondos</subfield>
  </datafield>
  <datafield tag="245" ind1="1" ind2="0">
    <subfield code="a">Reconstrucci&#xF3;n de la econom&#xED;a</subfield>
  </datafield>
  <datafield tag="264" ind1=" " ind2="1">
    <subfield code="a">Buenos Aires :</subfield>
    <subfield code="b">El Ateneo</subfield>
    <subfield code="c">1971</subfield>
  </datafield>
  <datafield tag="300" ind1=" " ind2=" ">
    <subfield code="a">xii, 334 p.</subfield>
    <subfield code="c">22 cm.</subfield>
  </datafield>
  <datafield tag="505" ind1=" " ind2=" ">
    <subfield code="a">Parte I: Microeconom&#xED;a - 1. Una introducci&#xF3;n ecol&#xF3;gica - 2. El individuo social y el organismo econ&#xF3;mico - 3. La teor&#xED;a del organismo econ&#xF3;mico - 4. El comerciante en un mercado imperfecto - 5. La teor&#xED;a general de la preferencia - 6. La teor&#xED;a de la producci&#xF3;n y del inventario - 7. Expectativas,juego y seguro - 8. La teor&#xED;a del consumo - 9. El equilibrio de la producci&#xF3;n y el consumo - Parte II: Macroeconom&#xED;a - 10. La naturaleza y significaci&#xF3;n de los agregados econ&#xF3;micos - 11. La estructura de los agregados macroecon&#xF3;micos: I. Capital y renta - 12. La estrutura de los agregados macroecon&#xF3;micos: II. La teor&#xED;a de los pagos - 13. La teor&#xED;a de la producci&#xF3;n y el empleo - 14. Una teor&#xED;a macroecon&#xF3;mica de la distribuci&#xF3;n - 15. Dinero,deuda e inter&#xE9;s - 16. La econom&#xED;a del gobierno - 17. La teor&#xED;a de la distribuci&#xF3;n de la renta</subfield>
  </datafield>
  <datafield tag="041" ind1=" " ind2=" ">
    <subfield code="a">spa</subfield>
  </datafield>
  <datafield tag="942" ind1=" " ind2=" ">
    <subfield code="c">BK</subfield>
  </datafield>
  <datafield tag="590" ind1=" " ind2=" ">
    <subfield code="a">niveau_biblio:m niveau_hierar:0</subfield>
  </datafield>
  <datafield tag="100" ind1="1" ind2=" ">
    <subfield code="a">Boulding, Kenneth E.</subfield>
  </datafield>
  <datafield tag="999" ind1=" " ind2=" ">
    <subfield code="c">5431</subfield>
    <subfield code="d">5431</subfield>
  </datafield>
  <datafield tag="952" ind1=" " ind2=" ">
    <subfield code="0">0</subfield>
    <subfield code="1">0</subfield>
    <subfield code="4">0</subfield>
    <subfield code="7">0</subfield>
    <subfield code="a">BCEJYS</subfield>
    <subfield code="b">BCEJYS</subfield>
    <subfield code="c">16</subfield>
    <subfield code="d">2026-04-07</subfield>
    <subfield code="l">0</subfield>
    <subfield code="o">330.1 B763r</subfield>
    <subfield code="p">L33165</subfield>
    <subfield code="r">2026-04-07 15:58:13</subfield>
    <subfield code="w">2026-04-07</subfield>
    <subfield code="y">L</subfield>
  </datafield>
</record>
